| 000 | 00514nam a2200193Ia 4500 | ||
|---|---|---|---|
| 003 | GCL | ||
| 008 | 140319s9999 xx 000 0 eng d | ||
| 040 |
_aGCL / _cGCL |
||
| 082 | 0 | 4 |
_a492.70973 _bR A |
| 100 | 1 | _aROUCHDY, ALEYA | |
| 245 | 1 | 0 |
_aTHE ARABIC LANGUAGE IN AMERICA / _cROUCHDY, ALEYA |
| 260 |
_a[S.N] : _bWAYNE STATE UNIVERSITY PRESS ، _c1992 |
||
| 300 | _a347 P | ||
| 650 | 0 | 4 | _aSTUDY AND TEACHING |
| 650 | 0 | 4 | _aUNITED STATES |
| 650 | 0 | 4 | _aEDUCATION |
| 650 | 0 | 4 | _aARABIC LANGUAGE |
| 942 |
_2ddc _cBK |
||
| 999 |
_c19289 _d19289 |
||